000 00929nas a2200301 4500
001 BR8706034
003 BR-BrBNA
005 20231205090832.0
007 ta
008 230509b bl.|||p| |||| 00| 00por d
040 _aBR-BrBNA
_bpor
_cBiblioteca Nacional de Agricultura
041 _a(Pt)
072 _aL02
100 1 _aAssis, C.B. de
100 1 _aArtiaga, M.S.
100 1 _aFerreira Neto, J.M.
100 1 _aSantana, A.E.
245 1 _aEfeito de diferentes fontes de ferro em leitoes, 2: Proteinas sericas
246 1 _aEffect of different iron sources on piglets, 2: Serum proteins
650 _aLEITAO
650 _aSUPLEMENTO ALIMENTAR
650 _aFERRO
650 _aPROTEINA
650 _aELETROFORESE
773 0 _tRevista da Sociedade Brasileira de Zootecnia (Brazil)
_xISSN 0100-4859
_g(1986), v. 15(1) p. 73-78
_wBR8706034
909 _a202311
_bLúcia
_c55
_dLúcia Elande
942 _2AGRIS
_n0
_cANA
999 _c121153
_d121153